Recuerdos de la Invasión Norteamericana, 1846-1848, por un joven de entonces /

Revisión exhaustiva los acontecimientos de la Invasión Norteamericana a México, en los años de 1846 a 1848, publicada originalmente en forma de artículos periodísticos a partir del año 1876 o 1877.

I tiakina i:
Ngā taipitopito rārangi puna kōrero
Kaituhi matua: Roa Bárcena, José María (autor)
Ētahi atu kaituhi: García Cantú, Gastón (prólogo) (prólogo)
Hōputu: Pukapuka
Reo:Pāniora
I whakaputaina: México : Universidad Veracruzana, 1986, c1986
Rangatū:(Rescate UV ; 16)
Ngā marau:
Ngā Tūtohu: Tāpirihia he Tūtohu
Kāore He Tūtohu, Me noho koe te mea tuatahi ki te tūtohu i tēnei pūkete!

MARC

LEADER 00000nam^a2200000^a^4500
001 000094610
005 20250521000000.0
009 20260310092841.246
020 |a 968-434-408-2 
037 |a Acervo ITESO - Biblioteca 
041 |a ESP 
082 |a 972. 0441  |b ROA 
100 |a Roa Bárcena, José María  |e (autor) 
240 1 1 |a [Recuerdos de la Invasión Norteamericana, 1846-1848, por un joven de entonces] 
245 1 0 |a Recuerdos de la Invasión Norteamericana, 1846-1848, por un joven de entonces /  |c J.M. Roa Bárcena ; pról. de G. García Cantú. 
264 4 |a México :  |b Universidad Veracruzana,  |c 1986, c1986 
300 |a 13, 686, IX p. 
336 |a texto  |b txt  |2 rdacontenido 
337 |a sin mediación  |b n  |2 rdamedio 
338 |a volumen  |b nc  |2 rdasoporte 
440 1 |a (Rescate UV ;  |v 16) 
520 |a Revisión exhaustiva los acontecimientos de la Invasión Norteamericana a México, en los años de 1846 a 1848, publicada originalmente en forma de artículos periodísticos a partir del año 1876 o 1877. 
649 |a XX 
650 |a México -  |x Historia -  |y Invasión Norteamericana, 1846-1848 -  |x Tema Principal 
650 |a México -  |x Historia -  |y Federalismo, 1846-1853 
650 |a México -  |x Historia -  |y Federalismo y Centralismo, 1824-1853 
650 |a México -  |x Historia -  |y Siglo XIX 
650 |a EUA -  |x Historia -  |y 1845-1861 
650 |a EUA -  |x Historia -  |y Siglo XIX 
700 |a García Cantú, Gastón  |e (prólogo) 
910 |a Fondo General 
920 |a Impresos - Libros 
930 |a Colección General 
905 |a 101 
901 |a 0500029714  |b IT1  |c ACC  |u 20250521 
902 |a https://opac.biblio.iteso.mx/vufind/Record/000094610